000 00205nam a2200097Ia 4500
008 240331s9999 xx 000 0 und d
082 _bPER
100 _aPerera, S.M.C
245 0 _aSamaja Prashna
942 _cL
999 _c5755
_d5755